[Event "100th ch-GBR 2013"]
[Site "Torquay ENG"]
[Date "2013.07.29"]
[Round "1"]
[White "Richardson, A."]
[Black "Howell, D."]
[Result "0-1"]
[WhiteElo "2149"]
[BlackElo "2639"]
[PlyCount "98"]
[EventDate "2013.07.29"]

1. c4 Nf6 2. Nf3 b6 3. g3 Bb7 4. Bg2 g6 5. b3 Bg7 6. Bb2 O-O 7. O-O e6 8. Nc3
d5 9. cxd5 exd5 10. d4 Na6 11. Rc1 Re8 12. e3 c6 13. Ne5 Rc8 14. Qd2 Nc7 15.
Rfd1 Qd6 16. h4 Red8 17. Bh3 Ne6 18. Qd3 Rc7 19. Bg2 Nd7 20. Nf3 Nf6 21. Ne5
Qe7 22. Qd2 Ne8 23. Nd3 Nd6 24. Ba3 Qe8 25. Nb4 Ne4 26. Qe1 f5 27. Nd3 h6 28.
Nxe4 fxe4 29. Ne5 g5 30. Qe2 Bxe5 31. dxe5 Rg7 32. hxg5 Nxg5 33. Rd2 Rdd7 34.
Rcd1 Rdf7 35. Qh5 Qe6 36. Bd6 Nf3+ 37. Kh1 Bc8 38. Bxf3 Rxf3 39. Kg2 Rg5 40.
Qh4 Kg7 41. Rc1 c5 42. Bxc5 bxc5 43. Rxc5 Rf7 44. Rcxd5 Qf5 45. Kg1 Be6 46.
R5d4 Qf3 47. Rxe4 Rh5 48. Qxh5 Qxh5 49. Rd6 Qf3 0-1

[Event "100th ch-GBR 2013"]
[Site "Torquay ENG"]
[Date "2013.07.29"]
[Round "1"]
[White "Hebden, M."]
[Black "Purdon, C."]
[Result "1-0"]
[WhiteElo "2555"]
[BlackElo "2140"]
[PlyCount "99"]
[EventDate "2013.07.29"]

1. d4 d5 2. Nf3 Nf6 3. c4 c6 4. e3 Bf5 5. Nc3 e6 6. Nh4 Be4 7. f3 Bg6 8. Qb3
Qc7 9. Bd2 Nbd7 10. O-O-O O-O-O 11. Nxg6 hxg6 12. h3 Nh5 13. Bd3 dxc4 14. Bxc4
Nb6 15. Bd3 Ng3 16. Rhe1 e5 17. Na4 Nxa4 18. Qxa4 Kb8 19. Ba5 b6 20. Bc3 Bd6
21. Kb1 Rhe8 22. d5 cxd5 23. Bb5 Re7 24. Rxd5 Bc5 25. Rxc5 Qxc5 26. Bb4 Qc7 27.
Rc1 Qb7 28. Bxe7 Qxe7 29. Ba6 Nf5 30. Qc6 Nd6 31. a3 Nb7 32. b4 Qd7 33. Qc3 f6
34. Bb5 Qd6 35. h4 a5 36. Rc2 Qd1+ 37. Kb2 Qd6 38. g3 axb4 39. axb4 Qe7 40. f4
exf4 41. gxf4 Nd6 42. Bd3 Rc8 43. Qd4 Rxc2+ 44. Bxc2 Qc7 45. Bxg6 Qc6 46. Bd3
Qg2+ 47. Kb3 Kc7 48. e4 Qf3 49. Qc3+ Kb7 50. Ba6+ 1-0

[Event "100th ch-GBR 2013"]
[Site "Torquay ENG"]
[Date "2013.07.29"]
[Round "1"]
[White "Waters, C."]
[Black "Gormally, D."]
[Result "0-1"]
[WhiteElo "2129"]
[BlackElo "2496"]
[PlyCount "100"]
[EventDate "2013.07.29"]

1. Nf3 Nf6 2. c4 e6 3. Nc3 Bb4 4. Qc2 c5 5. e3 O-O 6. Be2 Nc6 7. O-O d5 8. cxd5
exd5 9. d4 cxd4 10. Nxd4 Be6 11. Nxc6 bxc6 12. Na4 Qc7 13. Nc5 Qb6 14. Nxe6
fxe6 15. b3 Bd6 16. Bb2 c5 17. Bf3 Nd7 18. Bg4 Rae8 19. Rac1 a5 20. Qc3 Nf6 21.
Bf3 Qc7 22. g3 Qf7 23. Qd3 Qe7 24. Bg2 a4 25. Bxf6 Rxf6 26. e4 axb3 27. exd5 b2
28. Rce1 e5 29. Be4 g6 30. Re2 Rc8 31. Rxb2 c4 32. Qe2 Bc5 33. Rc2 c3 34. Qg4
Rc7 35. Kg2 Bd4 36. h4 h5 37. Qe2 Kg7 38. Qd3 Qb4 39. f3 Rb6 40. Re2 Qa4 41.
Rc1 Ra7 42. f4 exf4 43. Rxc3 Bxc3 44. Qxc3+ Rf6 45. Bf3 fxg3 46. d6 Qxh4 47.
Kg1 Rd7 48. Qe5 Rdxd6 49. Qe7+ Kh6 50. Qe3+ g5 0-1

[Event "100th ch-GBR 2013"]
[Site "Torquay ENG"]
[Date "2013.07.29"]
[Round "1"]
[White "Lalic, B."]
[Black "Hegarty, S."]
[Result "1-0"]
[WhiteElo "2489"]
[BlackElo "2124"]
[PlyCount "91"]
[EventDate "2013.07.29"]

1. d4 d5 2. c4 e6 3. Nf3 c6 4. Bg5 Be7 5. Bxe7 Qxe7 6. e3 Nf6 7. Nc3 Nbd7 8.
cxd5 exd5 9. Bd3 O-O 10. Qc2 Re8 11. O-O h6 12. Rab1 a5 13. Nd2 Qd6 14. Rfc1
Ng4 15. Nf1 Nf8 16. Na4 Nd7 17. a3 b5 18. Nc5 Nb6 19. b3 Ra7 20. a4 b4 21. Bh7+
Kh8 22. Bf5 g6 23. Bxc8 Rxc8 24. h3 Nf6 25. Nd2 Re7 26. Qd3 Qc7 27. Rc2 Nbd7
28. Rbc1 Qb6 29. Qa6 Qxa6 30. Nxa6 Re6 31. Nc5 Nxc5 32. Rxc5 Ra8 33. Rxc6 Rxc6
34. Rxc6 Kg7 35. f3 g5 36. Kf2 h5 37. e4 dxe4 38. fxe4 g4 39. e5 Nd5 40. hxg4
hxg4 41. Ne4 Nf4 42. Nd6 Ne6 43. Ke3 Rh8 44. d5 Nd8 45. Nf5+ Kf8 46. Rc8 1-0

[Event "100th ch-GBR 2013"]
[Site "Torquay ENG"]
[Date "2013.07.29"]
[Round "1"]
[White "Dilleigh, S."]
[Black "Williams, Si1"]
[Result "0-1"]
[WhiteElo "2121"]
[BlackElo "2481"]
[PlyCount "130"]
[EventDate "2013.07.29"]

1. d4 e6 2. c4 Bb4+ 3. Bd2 a5 4. Nc3 d6 5. Nf3 f5 6. g3 Nf6 7. Bg2 O-O 8. O-O
Qe7 9. a3 Bxc3 10. Bxc3 Ne4 11. Qc2 a4 12. Rfd1 Nc6 13. d5 Nd8 14. dxe6 Nxe6
15. Nd4 N6c5 16. Be1 f4 17. f3 Ng5 18. Bf2 Bd7 19. Re1 Rae8 20. e4 Qf6 21. Rad1
Qg6 22. Qc3 Rf7 23. Kh1 Ref8 24. gxf4 Rxf4 25. Bg3 R4f7 26. Qe3 Nh3 27. Nf5
Bxf5 28. exf5 Qxf5 29. Rd5 Qc8 30. Rd4 g5 31. Bxh3 Qxh3 32. Qxg5+ Rg7 33. Qd5+
Kh8 34. Rh4 Qd7 35. f4 Qc6 36. Rh5 Nd3 37. Qxc6 bxc6 38. Re2 Nxf4 39. Rf2 Nxh5
40. Rxf8+ Rg8 41. Rf7 Nxg3+ 42. hxg3 Rg4 43. c5 Rc4 44. Rxc7 Rxc5 45. Kg2 h5
46. Kf3 Rc4 47. Ke3 c5 48. Rd7 Rd4 49. Ke2 Kg8 50. Ke3 Kf8 51. Rh7 Rg4 52. Kf3
Rc4 53. Rxh5 Rc2 54. Ke4 Rxb2 55. Kd5 Rd2+ 56. Kc6 c4 57. Kb5 d5 58. Kxa4 Ke7
59. Kb4 Kd6 60. a4 Rb2+ 61. Kc3 Rb3+ 62. Kc2 Rxg3 63. a5 Ra3 64. a6 Kc5 65. Rh6
d4 0-1

[Event "100th ch-GBR 2013"]
[Site "Torquay ENG"]
[Date "2013.07.29"]
[Round "1"]
[White "Wells, P."]
[Black "Lenier, J."]
[Result "1-0"]
[WhiteElo "2479"]
[BlackElo "2119"]
[PlyCount "67"]
[EventDate "2013.07.29"]

1. e4 e5 2. Nf3 Nc6 3. Bb5 a6 4. Ba4 Nf6 5. O-O Be7 6. Re1 b5 7. Bb3 O-O 8. a4
Bb7 9. d3 d6 10. Nbd2 Na5 11. Ba2 c5 12. Nf1 Qc7 13. h3 Rfe8 14. Ne3 g6 15. Ng5
Rf8 16. Ng4 Nxg4 17. Qxg4 c4 18. Qh4 Bxg5 19. Bxg5 f5 20. dxc4 bxc4 21. b4 cxb3
22. cxb3 fxe4 23. b4+ Nc4 24. Rxe4 d5 25. Rxc4 dxc4 26. Bxc4+ Kg7 27. Bh6+ Kh8
28. Bxf8 Rxf8 29. Rd1 e4 30. Qh6 Re8 31. Bf1 Qf7 32. Qe3 Kg8 33. Rd6 Qc7 34.
Qd4 1-0

[Event "100th ch-GBR 2013"]
[Site "Torquay ENG"]
[Date "2013.07.29"]
[Round "1"]
[White "Batchelor, Peter J"]
[Black "Emms, J."]
[Result "0-1"]
[WhiteElo "2118"]
[BlackElo "2469"]
[PlyCount "56"]
[EventDate "2013.07.29"]

1. d4 g6 2. Nf3 Bg7 3. g3 c5 4. c3 Qa5 5. Bg2 cxd4 6. Nxd4 Nc6 7. Be3 Nf6 8.
O-O O-O 9. h3 d6 10. Nd2 Bd7 11. N2b3 Qc7 12. Qc1 Rfe8 13. Bh6 Nxd4 14. Nxd4 e5
15. Bxg7 Kxg7 16. Nc2 Bc6 17. Rd1 Bxg2 18. Kxg2 Qc6+ 19. Kg1 d5 20. Nb4 Qe6 21.
Kg2 d4 22. e3 a5 23. Nd3 Rac8 24. Kh2 dxc3 25. bxc3 Ne4 26. Qa3 Qf5 27. Qxa5
Rxc3 28. f4 Rc2+ 0-1

[Event "100th ch-GBR 2013"]
[Site "Torquay ENG"]
[Date "2013.07.29"]
[Round "1"]
[White "Zhou, Y."]
[Black "Burnett, J."]
[Result "1-0"]
[WhiteElo "2469"]
[BlackElo "2117"]
[PlyCount "75"]
[EventDate "2013.07.29"]

1. d4 d5 2. c4 e6 3. Nc3 c6 4. e4 dxe4 5. Nxe4 Bb4+ 6. Bd2 Qxd4 7. Bxb4 Qxe4+
8. Ne2 Na6 9. Bf8 Ne7 10. Bxg7 Nb4 11. Qd6 Nd3+ 12. Kd2 Nf5 13. Qxd3 Qxd3+ 14.
Kxd3 Nxg7 15. Kc3 c5 16. g4 Bd7 17. Bg2 O-O-O 18. Nc1 f6 19. Nd3 b6 20. a3 e5
21. h3 h5 22. Be4 Ne6 23. b4 hxg4 24. hxg4 Ng5 25. Bd5 e4 26. Nf4 Bxg4 27. bxc5
bxc5 28. Rab1 Rxh1 29. Rxh1 Kc7 30. Rh6 Rf8 31. Rg6 Bf5 32. Rg7+ Kd6 33. Rxa7
Rh8 34. Kd2 Rh2 35. Ke3 Rh1 36. Ra6+ Ke5 37. Nd3+ exd3 38. f4# 1-0

[Event "100th ch-GBR 2013"]
[Site "Torquay ENG"]
[Date "2013.07.29"]
[Round "1"]
[White "Smith, An"]
[Black "Ghasi, A."]
[Result "0-1"]
[WhiteElo "2110"]
[BlackElo "2459"]
[PlyCount "62"]
[EventDate "2013.07.29"]

1. e4 g6 2. d4 Bg7 3. c4 d6 4. Nc3 a6 5. Be3 c6 6. Qd2 b5 7. O-O-O bxc4 8. f3
d5 9. g4 dxe4 10. Nxe4 Be6 11. h4 h6 12. Qc3 Nd7 13. Bxc4 Bd5 14. Ne2 Nb6 15.
Bd3 Bxa2 16. Qxc6+ Kf8 17. N4c3 Nd5 18. Bf2 Bb3 19. Rd2 Ngf6 20. Qc5 a5 21. Be4
a4 22. Re1 Rc8 23. Qa3 Kg8 24. Kb1 Nb6 25. Bd3 e6 26. Nc1 Bf8 27. Qa1 Bb4 28.
Nxb3 axb3 29. Rde2 Ra8 30. Ba6 Nbd5 31. Nb5 Qb6 0-1

[Event "100th ch-GBR 2013"]
[Site "Torquay ENG"]
[Date "2013.07.29"]
[Round "1"]
[White "Kosten, A."]
[Black "Mercs, P."]
[Result "1-0"]
[WhiteElo "2458"]
[BlackElo "2109"]
[PlyCount "53"]
[EventDate "2013.07.29"]

1. Nf3 c5 2. c4 Nc6 3. g3 g6 4. Bg2 Bg7 5. O-O e5 6. Nc3 d6 7. a3 Nge7 8. b4
O-O 9. Rb1 f5 10. Ne1 e4 11. Bb2 cxb4 12. axb4 Nxb4 13. Nxe4 d5 14. Bxg7 Kxg7
15. Ng5 a5 16. Qa4 Ra6 17. Nc2 Nec6 18. cxd5 Qxg5 19. dxc6 Nxc6 20. d4 Rd8 21.
d5 Ne7 22. Ne3 Qf6 23. Rfc1 Bd7 24. Qf4 b5 25. Qc7 Qb6 26. d6 Nc8 27. Rc6 1-0

[Event "100th ch-GBR 2013"]
[Site "Torquay ENG"]
[Date "2013.07.29"]
[Round "1"]
[White "Ball, Laurence"]
[Black "Flear, G."]
[Result "1/2-1/2"]
[WhiteElo "2108"]
[BlackElo "2456"]
[PlyCount "122"]
[EventDate "2013.07.29"]

1. e4 e5 2. Nc3 Nf6 3. f4 d5 4. fxe5 Nxe4 5. Nf3 Bc5 6. d4 Bb4 7. Bd2 Bg4 8.
Be2 c5 9. O-O O-O 10. a3 Ba5 11. Nxe4 dxe4 12. Bxa5 Qxa5 13. Ng5 Qd8 14. Bxg4
Qxg5 15. e6 f5 16. e7 Qxe7 17. Rxf5 Nc6 18. d5 Rxf5 19. Bxf5 Nd4 20. Qg4 Nxf5
21. Qxf5 Rf8 22. Qe6+ Qxe6 23. dxe6 Rf6 24. Re1 Rxe6 25. Kf2 Kf7 26. Ke3 Rh6
27. Rh1 Rf6 28. Rd1 Ke6 29. c4 b6 30. Rd2 g5 31. Rd1 a5 32. a4 Rh6 33. Rd5 Rxh2
34. Rxg5 Rh4 35. Rg8 Kd6 36. Rb8 Kc7 37. Rg8 Kd6 38. Rb8 Kc6 39. Rg8 Kb7 40.
Re8 Rg4 41. Re7+ Kc6 42. Rxh7 Rxg2 43. Rh6+ Kc7 44. Rh7+ Kd6 45. Rh6+ Ke5 46.
Rh5+ Ke6 47. Rh6+ Ke5 48. Rh5+ Ke6 49. Rh6+ Kf5 50. Rh5+ Kg6 51. Rd5 Rxb2 52.
Kxe4 Re2+ 53. Kf4 Kf7 54. Rd6 Rb2 55. Ke5 Ke7 56. Rh6 Kd7 57. Rh7+ Kc6 58. Rh6+
Kb7 59. Rh7+ Ka6 60. Kd5 Rg2 61. Kc6 Rg6+ 1/2-1/2

[Event "100th ch-GBR 2013"]
[Site "Torquay ENG"]
[Date "2013.07.29"]
[Round "1"]
[White "Palliser, R."]
[Black "Varnam, L."]
[Result "1/2-1/2"]
[WhiteElo "2453"]
[BlackElo "2107"]
[PlyCount "83"]
[EventDate "2013.07.29"]

1. d4 d5 2. c4 dxc4 3. Nf3 Nf6 4. e3 e6 5. Bxc4 c5 6. O-O a6 7. dxc5 Qxd1 8.
Rxd1 Bxc5 9. Nfd2 b6 10. Nc3 Bb7 11. Na4 Nbd7 12. Nxc5 Nxc5 13. b3 O-O 14. Ba3
Rfc8 15. Rac1 b5 16. Be2 Nce4 17. Nxe4 Nxe4 18. Bb4 f5 19. f3 Nf6 20. Bd2 Kf7
21. h3 e5 22. Kf2 h5 23. Ba5 Ke6 24. a4 bxa4 25. bxa4 Bd5 26. Bc7 Ra7 27. Bb6
Rxc1 28. Rxc1 Ra8 29. a5 Nd7 30. Bc7 Ra7 31. f4 exf4 32. Bxf4 g6 33. Rc8 Nf6
34. Rb8 Nd7 35. Rd8 Ke7 36. Bg5+ Kd6 37. Bf4+ Ke7 38. Rc8 Ke6 39. g4 hxg4 40.
hxg4 Nf6 41. gxf5+ gxf5 42. Bf3 1/2-1/2

[Event "100th ch-GBR 2013"]
[Site "Torquay ENG"]
[Date "2013.07.29"]
[Round "1"]
[White "Surtees, M."]
[Black "Arkell, K."]
[Result "0-1"]
[WhiteElo "2106"]
[BlackElo "2444"]
[PlyCount "86"]
[EventDate "2013.07.29"]

1. e4 c5 2. c3 d5 3. f3 Nc6 4. Bb5 Nf6 5. d3 Qb6 6. c4 dxc4 7. dxc4 a6 8. Bxc6+
Qxc6 9. a4 Be6 10. b3 Rd8 11. Qc2 Bc8 12. Nc3 Nd7 13. Bf4 e5 14. Be3 Bd6 15.
Nge2 Nf8 16. Nd5 Ne6 17. O-O Nd4 18. Bxd4 cxd4 19. a5 O-O 20. Nc1 Be6 21. Nd3
Rfe8 22. Qd2 f6 23. Kh1 Bf8 24. Rae1 Bf7 25. h3 Kh8 26. Re2 Qd6 27. f4 exf4 28.
N3xf4 Qc5 29. Rd1 Bd6 30. Rf1 Bb8 31. Ree1 Qd6 32. h4 Qe5 33. g3 Ba7 34. Kh2
Qd6 35. Rg1 g5 36. hxg5 fxg5 37. Nh3 h6 38. Rgf1 Bxd5 39. exd5 Qg6 40. Nf2 Re3
41. Nd1 Qh5+ 42. Kg2 Rxg3+ 43. Kxg3 Bb8+ 0-1

[Event "100th ch-GBR 2013"]
[Site "Torquay ENG"]
[Date "2013.07.29"]
[Round "1"]
[White "Ward, C."]
[Black "Friedland, J."]
[Result "1-0"]
[WhiteElo "2432"]
[BlackElo "2093"]
[PlyCount "69"]
[EventDate "2013.07.29"]

1. d4 Nf6 2. c4 g6 3. Nc3 Bg7 4. e4 d6 5. f3 O-O 6. Be3 Nbd7 7. Nh3 c5 8. d5 a6
9. a4 Qa5 10. Nf2 Ne5 11. Bd2 Qc7 12. Be2 e6 13. f4 Ned7 14. O-O exd5 15. exd5
b6 16. Qc2 Ra7 17. Bd3 Re8 18. Rae1 Rxe1 19. Rxe1 Nf8 20. f5 gxf5 21. Bxf5 Bxf5
22. Qxf5 h6 23. Bxh6 Bxh6 24. Qxf6 Bg7 25. Qg5 Qd7 26. Ng4 Nh7 27. Qf4 f5 28.
Nh6+ Bxh6 29. Qxh6 Kh8 30. Re6 Qf7 31. Rxd6 Ra8 32. Qg6 Qf8 33. Rd7 Qg8 34.
Qxf5 Re8 35. Ne4 1-0

[Event "100th ch-GBR 2013"]
[Site "Torquay ENG"]
[Date "2013.07.29"]
[Round "1"]
[White "Bates, Ri"]
[Black "Foo, William J"]
[Result "0-1"]
[WhiteElo "2375"]
[BlackElo "2090"]
[PlyCount "110"]
[EventDate "2013.07.29"]

1. d4 d5 2. c4 c6 3. Nf3 Nf6 4. Qb3 dxc4 5. Qxc4 Bf5 6. g3 e6 7. Bg2 Be7 8. O-O
O-O 9. e3 Nbd7 10. Qe2 Ne4 11. Nc3 Nxc3 12. bxc3 Be4 13. Rd1 Qa5 14. c4 Qh5 15.
h3 Rfd8 16. Bd2 Rac8 17. Bc3 c5 18. g4 Qg6 19. d5 exd5 20. cxd5 h5 21. Ne1 hxg4
22. Qxg4 Qxg4 23. hxg4 Bxg2 24. Nxg2 Bf6 25. Rac1 Bxc3 26. Rxc3 Nf6 27. Nf4
Nxg4 28. e4 Ne5 29. Rb1 b6 30. Kg2 g6 31. Ne2 f5 32. exf5 gxf5 33. Rh1 Rc7 34.
Nf4 Rg7+ 35. Kf1 Rg4 36. Rch3 Nf7 37. Nh5 Kf8 38. Rd3 c4 39. Rd1 c3 40. Rh3 c2
41. Rc1 Rc4 42. Rd3 Ne5 43. Rd2 Rh4 44. Ng3 f4 45. Rcxc2 fxg3 46. fxg3 Rc4 47.
Rf2+ Kg7 48. Rcd2 Rf8 49. d6 Rcc8 50. a4 Rxf2+ 51. Kxf2 Rd8 52. Rd5 Nc4 53. d7
Kf6 54. Rd4 Ne5 55. a5 Rxd7 0-1

[Event "100th ch-GBR 2013"]
[Site "Torquay ENG"]
[Date "2013.07.29"]
[Round "1"]
[White "Collier, D."]
[Black "Eggleston, D."]
[Result "0-1"]
[WhiteElo "2086"]
[BlackElo "2363"]
[PlyCount "86"]
[EventDate "2013.07.29"]

1. e4 c5 2. Nf3 d6 3. d4 cxd4 4. Nxd4 Nf6 5. Nc3 a6 6. Be2 e5 7. Nb3 Be7 8. O-O
O-O 9. a4 Be6 10. Bf3 Nbd7 11. a5 Qc7 12. Be3 Rac8 13. Qd2 Nc5 14. Nxc5 dxc5
15. Qe2 c4 16. Rfd1 Bb4 17. Bb6 Qe7 18. Qe3 Nd7 19. Nd5 Bxd5 20. exd5 Bd6 21.
Ra4 f5 22. Be2 e4 23. Rxc4 Qe5 24. Qh3 Rxc4 25. Bxc4 Qxb2 26. Bd4 Qxc2 27. Bb3
Qe2 28. Qc3 Qg4 29. Re1 Qg6 30. Ba4 Nf6 31. Rb1 Nh5 32. Be5 e3 33. Rxb7 Bxe5
34. Qxe5 exf2+ 35. Kxf2 Nf6 36. Qe6+ Kh8 37. Qe7 Rg8 38. d6 Ne4+ 39. Kg1 Qh6
40. h4 Qe3+ 41. Kh2 Qf4+ 42. Kg1 Nxd6 43. Bb3 Qd4+ 0-1

[Event "100th ch-GBR 2013"]
[Site "Torquay ENG"]
[Date "2013.07.29"]
[Round "1"]
[White "McCullough, S."]
[Black "Knott, S."]
[Result "0-1"]
[WhiteElo "2076"]
[BlackElo "2318"]
[PlyCount "68"]
[EventDate "2013.07.29"]

1. e4 e6 2. d4 d5 3. exd5 exd5 4. Nf3 Nf6 5. Bd3 Bd6 6. O-O O-O 7. h3 c5 8.
dxc5 Bxc5 9. Nc3 h6 10. Bf4 Nc6 11. a3 a6 12. Qd2 Re8 13. Rfe1 Be6 14. Rad1 Rc8
15. Re2 b5 16. Qc1 Bf8 17. Ne5 Na5 18. Qd2 Nc4 19. Bxc4 bxc4 20. Qe3 g5 21. Bh2
Bg7 22. Qa7 Ra8 23. Qc5 Qc8 24. Qd4 Qb7 25. h4 Ng4 26. hxg5 hxg5 27. Bg3 f5 28.
Qd2 f4 29. Nxg4 Bxg4 30. f3 fxg3 31. Nxd5 Be6 32. Rde1 Rad8 33. Ne7+ Qxe7 34.
Rxe6 Rxd2 0-1

[Event "100th ch-GBR 2013"]
[Site "Torquay ENG"]
[Date "2013.07.29"]
[Round "1"]
[White "Chapman, T."]
[Black "Hackner, Oskar A"]
[Result "1-0"]
[WhiteElo "2308"]
[BlackElo "2063"]
[PlyCount "149"]
[EventDate "2013.07.29"]

1. Nf3 Nf6 2. c4 e6 3. g3 b6 4. Bg2 Bb7 5. O-O c5 6. Nc3 Be7 7. Re1 O-O 8. e4
Na6 9. d4 d5 10. cxd5 exd5 11. e5 Ne4 12. Be3 Qd7 13. Nd2 cxd4 14. Bxd4 Nxc3
15. bxc3 Nc5 16. Re3 f6 17. exf6 Bxf6 18. Qh5 g6 19. Qh6 Bxd4 20. cxd4 Ne4 21.
Rae1 Qf5 22. Rf3 Qg5 23. Rxf8+ Rxf8 24. Qxg5 Nxg5 25. h4 Nf7 26. Re7 Rb8 27.
Nf1 Nd6 28. Ne3 Kf8 29. Rxh7 Nf7 30. Ng4 Rc8 31. Ne5 Rc1+ 32. Kh2 Nxe5 33. dxe5
Bc6 34. Rxa7 Re1 35. Rc7 Be8 36. Bxd5 Rxe5 37. Bb3 Rf5 38. f4 Bb5 39. Bc4 Bxc4
40. Rxc4 Ra5 41. a4 b5 42. axb5 Rxb5 43. Rc7 Rb2+ 44. Kh3 Rb3 45. Kg4 Kg8 46.
Rd7 Ra3 47. Rb7 Kf8 48. Rb5 Kg7 49. h5 gxh5+ 50. Rxh5 Kg6 51. Rg5+ Kf6 52. Rb5
Kg6 53. f5+ Kf6 54. Rb6+ Kf7 55. Rb7+ Kf6 56. Rb6+ Kf7 57. Re6 Rb3 58. Kf4 Ra3
59. g4 Ra4+ 60. Kg5 Ra8 61. Rf6+ Kg7 62. Rb6 Ra7 63. Rc6 Rb7 64. Re6 Kf7 65.
Rh6 Rb4 66. Rh7+ Kg8 67. Ra7 Rc4 68. Kh5 Rf4 69. Kg5 Rb4 70. f6 Rc4 71. Kf5 Rb4
72. g5 Rb8 73. Kg6 Rc8 74. Rg7+ Kf8 75. Rh7 1-0

[Event "100th ch-GBR 2013"]
[Site "Torquay ENG"]
[Date "2013.07.29"]
[Round "1"]
[White "Howell, Ch"]
[Black "Ledger, D."]
[Result "0-1"]
[WhiteElo "2055"]
[BlackElo "2305"]
[PlyCount "60"]
[EventDate "2013.07.29"]

1. e4 e5 2. Nf3 Nc6 3. Nc3 Nf6 4. Bb5 Bb4 5. O-O O-O 6. d4 Bxc3 7. bxc3 Nxe4 8.
Qd3 d5 9. Bxc6 bxc6 10. Ba3 Re8 11. Nxe5 f6 12. f3 Nd6 13. Nxc6 Qd7 14. Na5 Qa4
15. Bxd6 cxd6 16. Nb3 Ba6 17. Qf5 Bxf1 18. Qxd5+ Kh8 19. Kxf1 Rac8 20. Qxd6
Qc4+ 21. Kf2 Qxc3 22. Qf4 Qb2 23. Rd1 Rxc2+ 24. Rd2 Qxa2 25. Rxc2 Qxc2+ 26. Nd2
a5 27. Kg3 a4 28. d5 a3 29. d6 a2 30. d7 Rd8 0-1

[Event "100th ch-GBR 2013"]
[Site "Torquay ENG"]
[Date "2013.07.29"]
[Round "1"]
[White "Stewart, Ashley"]
[Black "Kolbus, D."]
[Result "0-1"]
[WhiteElo "2053"]
[BlackElo "2288"]
[PlyCount "130"]
[EventDate "2013.07.29"]

1. c4 Nf6 2. g3 d5 3. cxd5 Nxd5 4. Bg2 Nb6 5. Nc3 g6 6. d3 Bg7 7. Be3 N8d7 8.
Qd2 h6 9. Nf3 Nf6 10. O-O Ng4 11. Bc5 O-O 12. h3 Nf6 13. Rac1 c6 14. b4 Nbd5
15. Nxd5 Nxd5 16. Bd4 Nc7 17. Bxg7 Kxg7 18. Qb2+ Kh7 19. Rc4 Be6 20. Rh4 Rh8
21. Ng5+ Kg8 22. Nxe6 Nxe6 23. b5 Qb6 24. Rb1 c5 25. Rc4 Rd8 26. a4 Rd6 27. Qa2
Qc7 28. Rb2 b6 29. Qa3 Kh7 30. Qc3 Rhd8 31. Qc1 Rd4 32. Rbc2 Qe5 33. Qe3 Qf6
34. Qf3 Qg7 35. Qe3 Qf6 36. Qf3 Kg7 37. Qxf6+ Kxf6 38. Rxd4 Rxd4 39. Ra2 Rb4
40. Bd5 Nd4 41. Kg2 e6 42. Bb7 Nb3 43. Kf3 Ke5 44. e3 Nc1 45. Ra3 Rb2 46. Rc3
Nb3 47. Kg2 Na5 48. Bf3 Ra2 49. Bd1 Ra1 50. Bc2 Rc1 51. h4 Kd6 52. Kf3 Re1 53.
Ra3 e5 54. Rc3 f5 55. Ra3 g5 56. hxg5 hxg5 57. Rc3 g4+ 58. Kg2 Rc1 59. e4 fxe4
60. dxe4 c4 61. f4 gxf3+ 62. Kxf3 Kc5 63. Ke3 Nb3 64. Rxb3 cxb3 65. Bxb3 Rc3+
0-1

[Event "100th ch-GBR 2013"]
[Site "Torquay ENG"]
[Date "2013.07.29"]
[Round "1"]
[White "Rudd, J."]
[Black "Coates, D."]
[Result "1-0"]
[WhiteElo "2280"]
[BlackElo "2046"]
[PlyCount "67"]
[EventDate "2013.07.29"]

1. e4 c5 2. Nf3 d6 3. d4 cxd4 4. Nxd4 Nf6 5. Nc3 a6 6. Be3 e5 7. Nb3 Be6 8. f3
Nbd7 9. Qd2 b5 10. a4 b4 11. Nd5 Bxd5 12. exd5 Nb6 13. Bxb6 Qxb6 14. a5 Qb7 15.
Bc4 Be7 16. Ra4 Rb8 17. Qd3 Ra8 18. Nc1 Nd7 19. Qd2 Rb8 20. Nd3 Bd8 21. Qxb4
Qxb4+ 22. Nxb4 Nc5 23. Nxa6 Nxa4 24. Nxb8 Bxa5+ 25. Ke2 Nxb2 26. Bb5+ Kf8 27.
Ra1 Bc3 28. Ra3 Bd4 29. Ra8 g6 30. Nc6+ Kg7 31. Rxh8 Kxh8 32. Nxd4 exd4 33. Kd2
Kg7 34. Kc1 1-0

[Event "100th ch-GBR 2013"]
[Site "Torquay ENG"]
[Date "2013.07.29"]
[Round "1"]
[White "Martin, Le"]
[Black "Longson, A."]
[Result "0-1"]
[WhiteElo "2043"]
[BlackElo "2279"]
[PlyCount "72"]
[EventDate "2013.07.29"]

1. e4 c5 2. Nf3 d6 3. d4 cxd4 4. Nxd4 Nf6 5. Nc3 a6 6. g3 e5 7. Nde2 Be7 8. Bg2
b5 9. O-O Nbd7 10. h3 h5 11. Bg5 Bb7 12. a3 Rc8 13. Qd2 O-O 14. Rad1 Qb6 15.
Bf3 a5 16. g4 b4 17. axb4 axb4 18. Nd5 Nxd5 19. exd5 Bxg5 20. Qxg5 Qd8 21. Qxh5
Rxc2 22. g5 Nc5 23. Kh2 e4 24. Bg4 g6 25. Qh6 Qe7 26. h4 Qe5+ 27. Kg2 Nd3 28.
h5 gxh5 29. Rh1 Qg7 30. Qxh5 Rxe2 31. Kg1 Re1+ 32. Rxe1 Nxe1 33. g6 Nf3+ 34.
Bxf3 exf3 35. Rh3 fxg6 36. Qg4 Bc8 0-1

[Event "100th ch-GBR 2013"]
[Site "Torquay ENG"]
[Date "2013.07.29"]
[Round "1"]
[White "Osborne, M."]
[Black "Scott, Gordon W"]
[Result "1/2-1/2"]
[WhiteElo "2269"]
[BlackElo "2039"]
[PlyCount "111"]
[EventDate "2013.07.29"]

1. d4 Nf6 2. Nf3 e6 3. c4 c5 4. Nc3 cxd4 5. Nxd4 d5 6. cxd5 Nxd5 7. e4 Nxc3 8.
bxc3 Nc6 9. Be2 Nxd4 10. Qxd4 Qxd4 11. cxd4 Bb4+ 12. Bd2 Bxd2+ 13. Kxd2 Bd7 14.
a4 Ke7 15. Bb5 Bxb5 16. axb5 a6 17. bxa6 Rxa6 18. Rab1 Rd8 19. Rxb7+ Kf6 20.
e5+ Kg6 21. Rb4 Ra2+ 22. Ke3 Rc8 23. Rf1 Rc3+ 24. Kf4 Rcc2 25. Kg3 Ra3+ 26. f3
Rd3 27. Rf2 Rc1 28. Kf4 Rcd1 29. Ke4 R3d2 30. Rxd2 Rxd2 31. Rb6 Rxg2 32. d5
Re2+ 33. Kf4 Rxh2 34. d6 Rd2 35. Ke3 Rd1 36. Rb4 f6 37. f4 fxe5 38. fxe5 h5 39.
Kf4 Rd5 40. Rb7 Rd4+ 41. Ke3 Rd1 42. Ke4 Re1+ 43. Kd4 Rd1+ 44. Kc5 Kf5 45. Rxg7
Kxe5 46. Rg5+ Kf4 47. Rxh5 e5 48. Rh4+ Kf3 49. Rh3+ Kf4 50. Kc6 e4 51. Rh8 e3
52. Rf8+ Kg3 53. d7 e2 54. Re8 Rxd7 55. Kxd7 Kf2 56. Rf8+ 1/2-1/2

[Event "100th ch-GBR 2013"]
[Site "Torquay ENG"]
[Date "2013.07.29"]
[Round "1"]
[White "De Coverly, R."]
[Black "Mordue, T."]
[Result "1/2-1/2"]
[WhiteElo "2036"]
[BlackElo "2256"]
[PlyCount "32"]
[EventDate "2013.07.29"]

1. e4 c5 2. Nf3 e6 3. g3 Nc6 4. Bg2 g6 5. O-O Bg7 6. c3 Nge7 7. d4 cxd4 8. cxd4
d5 9. e5 Nf5 10. Nc3 h5 11. Bg5 Qa5 12. a3 b5 13. Qd3 Rb8 14. b4 Qb6 15. Ne2
Bd7 16. Rfd1 a5 1/2-1/2

[Event "100th ch-GBR 2013"]
[Site "Torquay ENG"]
[Date "2013.07.29"]
[Round "1"]
[White "Meszaros, Gyu"]
[Black "Jones, Steven A"]
[Result "1/2-1/2"]
[WhiteElo "2255"]
[BlackElo "2033"]
[PlyCount "90"]
[EventDate "2013.07.29"]

1. d4 Nf6 2. Nf3 e6 3. c4 Bb4+ 4. Bd2 Qe7 5. g3 Nc6 6. Bg2 Bxd2+ 7. Nbxd2 O-O
8. O-O d6 9. e4 e5 10. d5 Nb8 11. Ne1 c6 12. Nd3 cxd5 13. cxd5 b6 14. Qb3 Nbd7
15. Nb4 Nc5 16. Nc6 Qc7 17. Qa3 a5 18. b4 axb4 19. Qxa8 Bb7 20. Qa7 Ra8 21.
Qxa8+ Bxa8 22. Nxb4 Bb7 23. Rfc1 Qd7 24. a3 h5 25. h4 Nh7 26. Re1 g5 27. Nf3 f6
28. Re3 Qa4 29. Rb1 Bc8 30. Nd2 b5 31. Bf3 f5 32. Bd1 Qa8 33. Nc6 f4 34. Rc3
Bd7 35. Rxb5 Bxc6 36. dxc6 Qxc6 37. Rb8+ Kg7 38. Bb3 gxh4 39. gxh4 Nf6 40. f3
Qc7 41. Rb4 Qa7 42. Kg2 Qxa3 43. Rbc4 Qa7 44. Bc2 Kh6 45. Nf1 Qg7+ 1/2-1/2

[Event "100th ch-GBR 2013"]
[Site "Torquay ENG"]
[Date "2013.07.29"]
[Round "1"]
[White "Horton, Andrew P"]
[Black "Eames, R."]
[Result "1-0"]
[WhiteElo "2032"]
[BlackElo "2244"]
[PlyCount "119"]
[EventDate "2013.07.29"]

1. Nf3 d6 2. c4 e5 3. Nc3 f5 4. d4 e4 5. Ng5 Be7 6. Nh3 Nf6 7. g3 O-O 8. Bg2
Nc6 9. O-O Qe8 10. Nf4 Bd8 11. f3 exf3 12. exf3 Qf7 13. b3 Re8 14. Bb2 Bd7 15.
Qd2 Ne7 16. d5 g5 17. Ne6 h6 18. h4 Nh5 19. Ne2 Ng6 20. Rad1 gxh4 21. Nxd8
Raxd8 22. Qxh6 Qh7 23. Qg5 hxg3 24. Nxg3 Nxg3 25. Qxg3 Kf7 26. Qg5 Qh4 27. Qxh4
Nxh4 28. Kf2 f4 29. Bc1 Rg8 30. Rg1 Ng6 31. Rh1 Ne5 32. Bf1 Rg3 33. Be2 Ng6 34.
Bxf4 Rh3 35. Rxh3 Bxh3 36. Bg3 Bf5 37. Rh1 Kg7 38. Rc1 b6 39. b4 Kf6 40. Rd1
Rd7 41. Rc1 Ne5 42. Rc3 c5 43. b5 Rh7 44. Re3 Bb1 45. f4 Nf7 46. Re6+ Kf5 47.
Bf1 Be4 48. Re7 Ng5 49. Rxh7 Nxh7 50. Ke3 Bb1 51. Bh3+ Kf6 52. Bh4+ Kg6 53. Be7
Bxa2 54. Bf1 Nf6 55. Bd3+ Kf7 56. Bxd6 Ne8 57. Bb8 Ke7 58. Kd2 Kd7 59. Kc3 Kc8
60. Be5 1-0